MDQL
is popping MORE tags! Check the
thread
!
Quizzes
Events
Quiz Creation
Community
Videos
Private Events
Remove Ads
Sign In
Join for FREE
Feedback
Dark Mode
Quiz Categories
Sports
Geography
Music
Movies
Television
Just For Fun
Miscellaneous
History
Literature
Language
Science
Gaming
Entertainment
Religion
Holiday
For Kids
Quiz Lab
Recent
Popular Today
Quiz Kudos Today
Editor Picks
Curator Picks
Quizzes by...
Day
Popularity
Type
Ratings
Length
Year
Community
Subscriptions
Recent Discussions
Orange Saloon
Badges
Playlists
Quests
Create
Leaderboards
Showdown
Live 5
Trivia Bingo
Activity
Puzzle Library
Sporcle Events
Private Events
Virtual Trivia
Globe League
Become a Host
Pub Owners
SporcleCon
Opinionation
Our Games
Videos
Blog
Mobile Apps
Partnerships
Remove Ads and Go Orange
Feedback
Music
Pop Music
The Beatles
Song
Album
Lyrics
Bands
Singers
Artist
Clip
Rock
Rap
Classical
Billboard
Country Music
Kpop
Taylor Swift
Music
Pop Music
The Beatles
Song
Album
Lyrics
Bands
Singers
Artist
Clip
Rock
Rap
Classical
Billboard
Country Music
Kpop
Taylor Swift
Random Quiz
Search Sporcle
×
Quiz Lab
Quiz Lab
Music
Billboard
Type in answers that appear in a list
Type in answers that appear in a list
Classic
Best Score? Go Orange.
Billboard #1 Singles (1987) Stats
Can you name the songs which topped the Billboard Hot 100 in 1987?
By
Tenkmoves
4m
30 Questions
179 Plays
179 Plays
179 Plays
Comments
Comments
Give Quiz Kudos
Give Quiz Kudos
-
- Ratings
hide this ad
Replay
Link that replays current quiz
Next Quiz
Link to next quiz in quiz playlist
You Got
0%
They Got
Avg Score
44%
Avg Friend Score
Upgrade to see
Score Distribution
Jump to the score distribution portion of the page
Score
0/30
Timer
04:00
0
Plays Today
Artist
Song
% Correct
The Bangles
Walk Like an Egyptian
94.4%
Gregory Abbott
Shake You Down
76.5%
Bon Jovi
Livin' on a Prayer
63.7%
Club Nouveau
Lean on Me
61.5%
Madonna
Open Your Heart
59.2%
Billy Vera and the Beaters
At This Moment
58.7%
Starship
Nothing's Gonna Stop Us Now
54.7%
Cutting Crew
(I Just) Died in Your Arms
52%
U2
With or Without You
50.8%
Huey Lewis and the News
Jacob's Ladder
48%
Aretha Franklin and George Michael
I Knew You Were Waiting (For Me)
43%
Bob Seger
Shakedown
42.5%
Lisa Lisa and Cult Jam
Head to Toe
40.2%
Whitney Houston
I Wanna Dance with Somebody (Who Loved Me)
40.2%
U2
I Still Haven't Found What I'm Looking For
40.2%
Artist
Song
% Correct
Heart
Alone
39.7%
Los Lobos
La Bamba
39.7%
Michael Jackson
Bad
39.7%
Whitesnake
Here I Go Again
37.4%
Atlantic Starr
Always
36.9%
George Michael
Faith
36.9%
Bill Medley and Jennifer Warnes
(I've Had) The Time of My Life
36.3%
Billy Idol
Mony Mony
35.8%
Tiffany
I Think We're Alone Now
35.2%
Kim Wilde
You Keep Me Hangin' On
31.8%
Belinda Carlisle
Heaven is a Place on Earth
30.7%
Michael Jackson w/
Siedah Garrett
I Just Can't Stop Loving You
29.6%
Madonna
Who's That Girl
29.1%
Lisa Lisa and Cult Jam
Lost in Emotion
22.9%
Whitney Houston
Didn't We Almost Have It All
17.9%
Quiz Playlist
Details
Report
Send in Message
Add To Playlist
Classic:
Type in answers that appear in a list
Last Updated: Nov 23, 2017
Quiz Scoreboard
CHALLENGE
Sign Up to Join the Scoreboard
Show All
Scores
Hide
Comments
May contain spoilers
Recently Published
Image Sorting: Flags VI
by Barbecue
Geography
2m
Find the 'City' Movie
by crazypaving
Movies
60s
Colored Red Africa Blitz
by spor1
Geography
45s
More to Explore
Quiz From the Vault
Featured Blog Post
14 Easter Pick-up Lines to Find Eggs With
hide this ad
You Might Also Like...
Tags
Billboard Quiz
1980s
Today's Top Quizzes in Music
Browse Music
hide this ad
Today's Top Quizzes in Billboard
Browse Billboard
Top Contributed Quizzes in Music
1
5X2 Blitz: Bands II
2
5X2 Blitz: The Beatles
3
Taylor Swift All Songs (2024)
4
5X2 Blitz: Billboard
5
5X2 Blitz: Billboard II
6
5X2 Blitz: Album
7
5X2 Blitz: Rock
8
5X2 Blitz: Singers
9
Music Artist by Three 2010s hits
10
5X2 Blitz: Lyrics
Explore More
Trending Topics
Anime
Kpop
NBA
Harry Potter
Marvel
Crossword
Disney
Soccer
The Office
WWE
Puzzle
Pokémon
Country
NFL
Song
hide this ad
More By:
Tenkmoves
Quiz
Plays
Rating
Category
Featured
Created
Billboard #1 Singles (2016)
21,950
4.24
Music
Dec 28, 2016
3rd on IMDB: Best Picture
7,451
4.57
Movies
Oct 22, 2019
Ohio counties
1,369
5.00
Geography
Mar 13, 2021
3rd on IMDB: 2002 Movies
1,213
4.29
Movies
Nov 2, 2019
3rd on IMDB: 2019 movies
1,029
5.00
Movies
Jan 20, 2020
Go to Creator's Profile
Score Distribution
Quiz Creator Spotlight
Tenkmoves
Follow
Send a Message
Quizzes Created
-
Created Quiz Play Count
-
More By This Creator
Popular Quizzes Today
1
Colored Red Africa Blitz
2
Find the US States - No Outlines Minefield
3
Find the 'City' Movie
4
5x2 Blitz: Bands
5
The Countries of the World
6
Find the US States
7
Find the Countries of Europe - No Outlines Minefield
8
US States
More Music Quizzes
kpop girl group sorting
Quiz Lab
Trending Quizzes
Colored Red Europe Blitz I
Colored Red Africa Blitz II
Colored Red Europe Blitz II
Colored Red Africa Blitz III
Colored Red Europe Blitz III
Recently Updated
How Do You Spell That?
pecheneg
Godzilla Movies
pecheneg
Grab Bag: 4-10 Letters
pecheneg
2024 March Madness Bracket
pecheneg
Famous TV Couples
Peacemaker
Champions League XIs: Real Madrid
pecheneg
Largest US Cities 1790-2010
pecheneg
Rides in Walt Disney World
pecheneg
Most Oscar Losses (Acting)
pecheneg
Beyoncé Albums
pecheneg
Trending Topics
NBA
Disney
Kpop
Marvel
Harry Potter
Crossword
Anime
The Office
NFL
Pokémon
Puzzle
WWE
Country
Song
Soccer
Your Account Isn't Verified!
In order to create a playlist on Sporcle, you need to verify the email address you used during registration. Go to your
Sporcle Settings
to finish the process.
Report this User
Report this user for behavior that violates our
Community Guidelines
.
Details:
Send Report
Go to the Sporcle.com Mobile Site →
Comments